[Event "Negambo op 4th"]
[Site "Negambo"]
[Date "2018.08.19"]
[Round "7"]
[White "Lasitha, Subash"]
[Black "Chamathka, Weerasinghe A Cheth"]
[Result "1-0"]
[WhiteElo "1745"]
[BlackElo "1378"]
[PlyCount "91"]
[EventDate "2018.08.16"]
[EventType "swiss"]
[EventRounds "10"]
[EventCountry "SRI"]
[SourceTitle "CBM 186 Extra"]
[Source "ChessBase"]
[SourceDate "2018.08.24"]
[SourceVersion "1"]
[SourceVersionDate "2018.08.24"]
[SourceQuality "1"]

1. f4 Nf6 2. Nf3 g6 3. Nc3 Bg7 4. e4 d6 5. Bc4 0-0 6. d3 c6 7. 0-0 b5 8. Bb3 a5 9. a4 b4 10. Ne2 Qb6+ 11. Kh1 Na6 12. Ng3 Nc5 13. Be3 Ng4 14. Bxc5 dxc5 15. Qe2 Bxb2 16. Rab1 Bg7 17. f5 Ne5 18. Ng5 Bf6 19. fxg6 hxg6 20. Nh3 Kg7 21. Nf4 Rh8 22. Nfh5+ gxh5 23. Nxh5+ Kg6 24. Nxf6 exf6 25. Rf4 Qc7 26. Rbf1 Kg5 27. Qe3 Rxh2+ 28. Kg1 Kh5 29. Rf5+ Bxf5 30. Rxf5+ Kg6 31. Qg3+ Kh7 32. Qxh2+ Kg7 33. Qg3+ Kf8 34. Rxf6 Qe7 35. Rh6 Ng6 36. Bxf7 Qxf7 37. Rxg6 Rc8 38. Qd6+ Ke8 39. Re6+ Qxe6 40. Qxe6+ Kd8 41. Qd6+ Ke8 42. Qxc5 Kd7 43. e5 Ke6 44. Qd6+ Kf7 45. Qd7+ Kg6 46. Qxc8 1-0

[Event "Ambalangoda Dhamso op 8th"]
[Site "Ambalangoda"]
[Date "2018.04.20"]
[Round "4"]
[White "Lakmal, MAC"]
[Black "Lasitha, Subash"]
[Result "0-1"]
[WhiteElo "1506"]
[BlackElo "1748"]
[PlyCount "66"]
[EventDate "2018.04.19"]
[EventType "swiss"]
[EventRounds "9"]
[EventCountry "SRI"]
[SourceTitle "CBM 184 Extra"]
[Source "ChessBase"]
[SourceDate "2018.06.28"]
[SourceVersion "1"]
[SourceVersionDate "2018.06.28"]
[SourceQuality "1"]

1. c4 b6 2. Nf3 Bb7 3. Nc3 e6 4. g3 Bxf3 5. exf3 Nc6 6. Bg2 Rb8 7. 0-0 Nf6 8. a3 h5 9. d4 Na5 10. Qa4 Be7 11. Bf4 a6 12. Rac1 h4 13. Ne4 hxg3 14. fxg3 Nxe4 15. fxe4 Nc6 16. Qd1 Nxd4 17. Be3 Nc6 18. b4 Bg5 19. Qd2 Bxe3+ 20. Qxe3 Ne5 21. Qf4 d6 22. c5 Qe7 23. cxd6 cxd6 24. Rc3 0-0 25. g4 Rbc8 26. Rh3 Ng6 27. Qg3 Rc2 28. g5 Rfc8 29. e5 dxe5 30. Be4 Rc1 31. Bxg6 Rxf1+ 32. Kxf1 fxg6 33. Qh4 Qb7 0-1

[Event "SRI-chB"]
[Site "Narahenpita"]
[Date "2017.05.19"]
[Round "6"]
[White "Piyumantha, M Sasith Nipun"]
[Black "Lasitha, Subash"]
[Result "1-0"]
[WhiteElo "2010"]
[BlackElo "1798"]
[PlyCount "40"]
[EventDate "2017.05.12"]
[EventType "swiss"]
[EventRounds "10"]
[EventCountry "SRI"]
[SourceTitle "CBM 178 Extra"]
[Source "ChessBase"]
[SourceDate "2017.06.22"]
[SourceVersion "1"]
[SourceVersionDate "2017.06.22"]
[SourceQuality "1"]

1. d4 d5 2. c4 e6 3. Nf3 Nf6 4. g3 Bb4+ 5. Bd2 Bd6 6. Bg2 c6 7. Qc2 Nbd7 8. 0-0 Ne4 9. Nc3 Nxd2 10. Nxd2 0-0 11. e4 dxe4 12. Ncxe4 Be7 13. d5 exd5 14. cxd5 Ne5 15. Rad1 Qe8 16. d6 Bd8 17. Nc5 Bb6 18. Na4 Nd7 19. Rfe1 Qd8 20. b4 Qf6 1-0

[Event "Negombo op 2nd"]
[Site "Negombo"]
[Date "2016.08.15"]
[Round "5"]
[White "Lasitha, Subash"]
[Black "Askey, Raveen Nimesh"]
[Result "1-0"]
[WhiteElo "1760"]
[BlackElo "1540"]
[PlyCount "90"]
[EventDate "2016.08.13"]
[EventType "swiss"]
[EventRounds "9"]
[EventCountry "SRI"]
[SourceTitle "EXT 2019"]
[Source "ChessBase"]
[SourceDate "2018.10.10"]
[SourceVersion "1"]
[SourceVersionDate "2018.10.10"]
[SourceQuality "1"]

1. b3 Nf6 2. Bb2 e6 3. Nf3 Be7 4. e3 b6 5. d4 Bb7 6. Bd3 d5 7. 0-0 0-0 8. Ne5 c5 9. Qf3 Nc6 10. Qh3 Nb4 11. a3 Nxd3 12. cxd3 Ba6 13. Nc6 Qc7 14. Nxe7+ Qxe7 15. Rd1 cxd4 16. Bxd4 e5 17. Bc3 Rfd8 18. Ra2 d4 19. Ba1 e4 20. Bxd4 exd3 21. b4 Rac8 22. Qf5 Qe6 23. Qxe6 fxe6 24. a4 Bc4 25. Ra3 Rd5 26. Bxf6 gxf6 27. f3 Rd7 28. Nd2 b5 29. axb5 Bxb5 30. Ne4 Rf7 31. Nd6 Rd7 32. Nxc8 d2 33. Kf2 h5 34. Nxa7 Bc4 35. Nc6 e5 36. Rc3 Bb5 37. Na5 h4 38. Ra3 Rc7 39. Ra2 Rc1 40. Raxd2 Rc3 41. g3 hxg3+ 42. hxg3 f5 43. Nb7 Rb3 44. Nd6 Ba4 45. b5 Kg7 1-0

[Event "Negombo op 2nd"]
[Site "Negombo"]
[Date "2016.08.15"]
[Round "6"]
[White "Nanayakkara, JAG Ganganath"]
[Black "Lasitha, Subash"]
[Result "1-0"]
[WhiteElo "1569"]
[BlackElo "1760"]
[PlyCount "141"]
[EventDate "2016.08.13"]
[EventType "swiss"]
[EventRounds "9"]
[EventCountry "SRI"]
[SourceTitle "EXT 2019"]
[Source "ChessBase"]
[SourceDate "2018.10.10"]
[SourceVersion "1"]
[SourceVersionDate "2018.10.10"]
[SourceQuality "1"]

1. d4 Nf6 2. Bf4 b6 3. e3 Bb7 4. Nf3 g6 5. c4 Bg7 6. Nc3 0-0 7. Be2 d6 8. h3 a6 9. 0-0 Nbd7 10. Qc2 Nh5 11. Bh2 c5 12. Rac1 cxd4 13. Nxd4 Nhf6 14. Bf3 Bxf3 15. Nxf3 Rc8 16. Qe2 Qc7 17. b3 h6 18. e4 Qb7 19. Rfd1 Nc5 20. e5 dxe5 21. Bxe5 e6 22. Nd2 Rfd8 23. Bxf6 Bxf6 24. Nde4 Bxc3 25. Nxc5 bxc5 26. Rxc3 Rd4 27. Rxd4 cxd4 28. Rd3 Rd8 29. Qe5 Qd7 30. a3 Qd6 31. Qxd6 Rxd6 32. f4 f6 33. Kf2 e5 34. Kf3 Kf7 35. Ke4 Ke6 36. fxe5 f5+ 37. Kf3 Kxe5 38. g3 g5 39. Rd1 d3 40. Ke3 f4+ 41. gxf4+ gxf4+ 42. Kd2 Kd4 43. Rf1 Ke4 44. Re1+ Kf3 45. c5 Rd8 46. c6 Rc8 47. Rc1 Kg2 48. Rc4 f3 49. Rg4+ Kxh3 50. Rg6 h5 51. Ke3 d2 52. Kxd2 Rf8 53. Ke1 a5 54. Kf2 Rb8 55. Rg3+ Kh4 56. Rxf3 Kg4 57. c7 Rc8 58. Rf7 Kg5 59. b4 axb4 60. axb4 Kg6 61. b5 Kxf7 62. b6 Kg6 63. b7 Rxc7 64. b8Q Rf7+ 65. Kg3 Rf5 66. Qd6+ Kg5 67. Qd4 Kg6 68. Kh4 Rf6 69. Qe4+ Rf5 70. Qe6+ Rf6 71. Qg8+ 1-0

[Event "SRI-chB"]
[Site "Malabe"]
[Date "2015.06.20"]
[Round "4"]
[White "Lasitha, Subash"]
[Black "Nanayakkara, JAK Saranath"]
[Result "1/2-1/2"]
[WhiteElo "1750"]
[BlackElo "1872"]
[PlyCount "56"]
[EventDate "2015.06.19"]
[EventType "swiss"]
[EventRounds "10"]
[EventCountry "SRI"]
[SourceTitle "CBM 167 Extra"]
[Source "ChessBase"]
[SourceDate "2015.09.14"]
[SourceVersion "1"]
[SourceVersionDate "2015.09.14"]
[SourceQuality "1"]

1. d4 Nf6 2. Nf3 g6 3. g3 Bg7 4. Bg2 d6 5. 0-0 0-0 6. c4 c6 7. Nc3 Qa5 8. Qd2 Re8 9. e4 Bg4 10. h3 Be6 11. d5 cxd5 12. cxd5 Bd7 13. Re1 Bb5 14. b4 Qb6 15. a4 Bc4 16. Rb1 Nfd7 17. Nd1 a5 18. Ne3 Rc8 19. Qc2 Qc7 20. bxa5 Ba6 21. Qxc7 Rxc7 22. Bd2 Nc5 23. Rec1 Bd3 24. Rb4 Nba6 25. Rb6 Rac8 26. e5 dxe5 27. d6 exd6 28. Nd5 Rd7 1/2-1/2

[Event "Ambalangoda Dhamso op 5th"]
[Site "Ambalangoda"]
[Date "2015.05.31"]
[Round "5"]
[White "Lasitha, Subash"]
[Black "Kommalage, Akila Evan"]
[Result "1-0"]
[WhiteElo "1750"]
[BlackElo "1262"]
[PlyCount "71"]
[EventDate "2015.05.29"]
[EventType "swiss"]
[EventRounds "9"]
[EventCountry "SRI"]
[SourceTitle "EXT 2016"]
[Source "ChessBase"]
[SourceDate "2015.10.08"]
[SourceVersion "1"]
[SourceVersionDate "2015.10.08"]
[SourceQuality "1"]

1. d4 d5 2. c4 e6 3. Nc3 Nf6 4. Nf3 Nbd7 5. e3 Bb4 6. a3 Bxc3+ 7. bxc3 c5 8. Be2 b6 9. 0-0 Bb7 10. cxd5 Bxd5 11. c4 Bb7 12. Bb2 Qc7 13. h3 0-0 14. Rc1 Rfd8 15. Qc2 Be4 16. Qc3 Qc6 17. Rfd1 h6 18. Ne1 Qb7 19. Rd2 Ne8 20. f3 Bg6 21. Rcd1 Qc7 22. d5 e5 23. Bd3 f5 24. Qc2 Nd6 25. Qa4 Re8 26. Be2 Re7 27. Qc6 Rc8 28. Qa4 Rf8 29. Nd3 Kh8 30. f4 e4 31. Ne5 Nxe5 32. fxe5 Ne8 33. d6 Qd8 34. dxe7 Qxe7 35. Rd7 Qg5 36. Bc1 1-0

[Event "Ambalangoda Dhamso op 5th"]
[Site "Ambalangoda"]
[Date "2015.05.30"]
[Round "4"]
[White "Galappaththi, Chinthaka Anuruddh"]
[Black "Lasitha, Subash"]
[Result "1-0"]
[WhiteElo "2129"]
[BlackElo "1750"]
[PlyCount "85"]
[EventDate "2015.05.29"]
[EventType "swiss"]
[EventRounds "9"]
[EventCountry "SRI"]
[SourceTitle "EXT 2016"]
[Source "ChessBase"]
[SourceDate "2015.10.08"]
[SourceVersion "1"]
[SourceVersionDate "2015.10.08"]
[SourceQuality "1"]

1. d4 Nf6 2. Nf3 g6 3. g3 Bg7 4. Bg2 0-0 5. 0-0 d5 6. h3 Ne4 7. Nbd2 f5 8. e3 Qd6 9. c4 c6 10. b3 b5 11. Bb2 Nd7 12. Rc1 bxc4 13. bxc4 Rb8 14. Ba1 Qa3 15. Qc2 Ba6 16. Rfe1 Rfc8 17. Bf1 h6 18. Nb1 Qa5 19. Nc3 e6 20. Nxe4 fxe4 21. Nd2 Kh7 22. f3 exf3 23. Nxf3 dxc4 24. Bxc4 Bxc4 25. Qxc4 Qf5 26. Kg2 Qe4 27. Qc2 Qd5 28. e4 Qd6 29. Qc4 c5 30. e5 Qc6 31. dxc5 a5 32. a3 a4 33. Qe4 Qxe4 34. Rxe4 Rxc5 35. Rxc5 Nxc5 36. Rc4 Bf8 37. Bd4 Nb3 38. Rxa4 Nxd4 39. Nxd4 Rb2+ 40. Kf3 Rb6 41. Ra7+ Kg8 42. a4 Bc5 43. Ra8+ 1-0

[Event "Ambalangoda Dhamso op 4th"]
[Site "Ambalangoda"]
[Date "2014.05.02"]
[Round "5"]
[White "Lasitha, Subash"]
[Black "Nanayakkara, JAG Ganganath"]
[Result "1-0"]
[WhiteElo "1853"]
[BlackElo "1559"]
[PlyCount "35"]
[EventDate "2014.04.30"]
[EventType "swiss"]
[EventRounds "9"]
[EventCountry "SRI"]
[SourceTitle "CBM 160 Extra"]
[Source "ChessBase"]
[SourceDate "2014.07.01"]
[SourceVersion "1"]
[SourceVersionDate "2014.07.01"]
[SourceQuality "1"]

1. Nc3 Nf6 2. e4 d6 3. f4 e5 4. Nf3 Nbd7 5. Bc4 h6 6. 0-0 a6 7. a4 b6 8. Nd5 Be7 9. d4 0-0 10. fxe5 dxe5 11. dxe5 Bc5+ 12. Kh1 Nxe4 13. Qe2 Ng5 14. Nxg5 hxg5 15. e6 fxe6 16. Qxe6+ Kh8 17. Qh3+ Kg8 18. Ne7# 1-0

[Event "Ambalangoda Dhamso op 4th"]
[Site "Ambalangoda"]
[Date "2014.05.02"]
[Round "6"]
[White "Piyumantha, M Sasith Nipun"]
[Black "Lasitha, Subash"]
[Result "0-1"]
[WhiteElo "1652"]
[BlackElo "1853"]
[PlyCount "39"]
[EventDate "2014.04.30"]
[EventType "swiss"]
[EventRounds "9"]
[EventCountry "SRI"]
[SourceTitle "CBM 160 Extra"]
[Source "ChessBase"]
[SourceDate "2014.07.01"]
[SourceVersion "1"]
[SourceVersionDate "2014.07.01"]
[SourceQuality "1"]

1. d4 d5 2. c4 c6 3. Nf3 Nf6 4. Qc2 g6 5. Bf4 Bf5 6. Qb3 Qb6 7. c5 Qxb3 8. axb3 Na6 9. Bd2 Ne4 10. Bc3 Nxc3 11. bxc3 Bg7 12. e3 Nc7 13. Nbd2 0-0 14. Be2 b6 15. cxb6 axb6 16. 0-0 c5 17. Nh4 Bd7 18. f4 Bb5 19. c4 Rxa1 20. Rxa1 0-1

[Event "Ambalangoda Dhamso op 3rd"]
[Site "Ambalangoda"]
[Date "2013.02.22"]
[Round "4"]
[White "Lasitha, Subash"]
[Black "Abhishek, Das"]
[Result "0-1"]
[WhiteElo "1864"]
[BlackElo "2222"]
[PlyCount "46"]
[EventDate "2013.02.21"]
[EventType "swiss"]
[EventRounds "9"]
[EventCountry "SRI"]
[SourceTitle "CBM 153 Extra"]
[Source "ChessBase"]
[SourceDate "2013.04.22"]
[SourceVersion "1"]
[SourceVersionDate "2013.04.22"]
[SourceQuality "1"]

1. d4 d5 2. c4 e6 3. Nc3 c5 4. e3 Nf6 5. Nf3 Nc6 6. dxc5 Bxc5 7. cxd5 exd5 8. Bb5 0-0 9. 0-0 Bg4 10. Be2 a6 11. a3 Re8 12. b4 Bb6 13. Na4 Bc7 14. Nc5 Ne4 15. Bb2 b6 16. Nb3 Re6 17. Nbd4 Rg6 18. Nxc6 Rxc6 19. Ne5 Bxe2 20. Qxe2 Rh6 21. Qg4 Qe8 22. Nf3 f6 23. h3 Qf7 0-1

[Event "Asia zt 3.2"]
[Site "Colombo"]
[Date "2013.02.07"]
[Round "7"]
[White "Lasitha, Subash"]
[Black "Muhammed, Shuaau"]
[Result "1-0"]
[WhiteElo "1864"]
[BlackElo "1636"]
[PlyCount "72"]
[EventDate "2013.02.03"]
[EventType "swiss"]
[EventRounds "9"]
[EventCountry "SRI"]
[SourceTitle "CBM 153 Extra"]
[Source "ChessBase"]
[SourceDate "2013.04.22"]
[SourceVersion "1"]
[SourceVersionDate "2013.04.22"]
[SourceQuality "1"]

1. b3 e5 2. Bb2 Nc6 3. e3 Nf6 4. d3 Bb4+ 5. Nd2 0-0 6. a3 Be7 7. Ngf3 d6 8. Be2 Re8 9. 0-0 Bf5 10. c4 a5 11. Nh4 Bc8 12. Ndf3 b6 13. d4 exd4 14. exd4 d5 15. Ne5 Bb7 16. cxd5 Nxd5 17. Bb5 Nxe5 18. dxe5 c6 19. Be2 f6 20. Nf3 fxe5 21. Bxe5 Bf6 22. Bxf6 Qxf6 23. Bc4 Rad8 24. Re1 Rxe1+ 25. Qxe1 b5 26. Bxd5+ cxd5 27. Rd1 h6 28. Qxa5 d4 29. Ne5 Re8 30. Ng4 Qg5 31. h3 h5 32. Qc7 Ba8 33. Qd7 Rd8 34. Qe6+ Kh8 35. Qe5 Qg6 36. Rxd4 Re8 1-0

[Event "Ambalangoda Dhamso op 1st"]
[Site "Ambalangoda"]
[Date "2011.04.23"]
[Round "5"]
[White "Lasitha, Subash"]
[Black "De Silva, Osheen"]
[Result "1/2-1/2"]
[WhiteElo "1799"]
[BlackElo "1931"]
[PlyCount "79"]
[EventDate "2011.04.21"]
[EventType "swiss"]
[EventRounds "9"]
[EventCountry "SRI"]
[SourceTitle "CBM 142 Extra"]
[Source "ChessBase"]
[SourceDate "2011.06.27"]
[SourceVersion "1"]
[SourceVersionDate "2011.06.27"]
[SourceQuality "1"]

1. d4 d5 2. c4 e6 3. Nc3 Nf6 4. Bg5 Nbd7 5. e3 c6 6. Nf3 Be7 7. Bd3 dxc4 8. Bxc4 b5 9. Bd3 a6 10. 0-0 Bb7 11. e4 c5 12. e5 Nd5 13. Nxd5 Bxd5 14. Be3 c4 15. Bc2 0-0 16. Nd2 f5 17. f4 Nb8 18. g4 g6 19. gxf5 gxf5 20. Qh5 Qe8 21. Qxe8 Rxe8 22. Bd1 Nc6 23. Bf3 Rad8 24. Bxd5 Rxd5 25. Nf3 Bd8 26. Rf2 Bb6 27. Rg2+ Kh8 28. Ng5 Nd8 29. Rd1 Re7 30. Kf2 Red7 31. Rdg1 h6 32. Nxe6 Nxe6 33. Rg6 Bxd4 34. Rxh6+ Rh7 35. Rxe6 Bxe3+ 36. Kxe3 Rd3+ 37. Ke2 Rxh2+ 38. Ke1 Rd4 39. Re8+ Kh7 40. Re7+ 1/2-1/2